00983nas a2200229Ia 4500001001100000003000900011008004100020040001300061040001300074041001300087100004700100210001000147222001000157245008600167250001100253260004100264501008600305300001800391362004100409500026400450650003900714R455/D7414IT-RoPAU151124c99999999xx |||||||||||| ||und|| aIT-RoPAU cIT-RoPAU aITALIANO aGiovannini LuigigCodice Aut. SPICS: 6029 aJESUS aJesus aJESUS, ANNO 11-N.10 SUPPL. (OTTOBRE 1989)bUn'Avventura Nata Ai Piedi Dell'Altare a1a ed. aALBA (CN)bPERIODICI SAN PAOLOc1989 bPaulus - SPICS - Società San Paolo EM (non-commercial uses only)cCopyright2015 a14 p. [22-35] aANNO 011, N.10 SUPPL. (OTTOBRE 1989) aTappe di un Cammino Iniziato nel 1884, al Fonte Battesimale di San Lorenzodi Fossano. L'Illuminazione della Notte All'Inizio del Novecento, da Cui Germinerà la Famiglia Paolina, Chiamata a Predicare il Vangelo con i Mezzi più Moderni ed Efficaci. Cronosto aPASTORALEvPUBBLICAZIONE PERIODICA